Misión de la Universidad en América Latina

Guardat en:
Dades bibliogràfiques
Autor corporatiu: IIEE (Autor)
Format: Llibre
Idioma:espanyol
Publicat: Bruselas Encuentro Latinoamericano 1973
Matèries:
Etiquetes: Afegir etiqueta
Sense etiquetes, Sigues el primer a etiquetar aquest registre!

MARC

LEADER 00000nam a2200000 a 4500
001 UCZ9774
003 CL-VaPUC
008 960311e19730000BE |||||||||||||||||spa|d
082 0 4 |a 378.112  |b IIE  |2 21 
110 2 |a IIEE  |e author  |9 354635 
245 1 0 |a Misión de la Universidad en América Latina 
300 |a 131 p 
942 |c BK 
945 |d 19960311 00:00:00  |a cmena 
260 |a Bruselas  |b Encuentro Latinoamericano  |c 1973 
650 0 |a Educación superior   |9 223851 
650 0 |a Universidades  |9 256317 
650 7 |a PAPEL DE LA EDUCACION  |2 CL-VaPUC  |9 338800 
650 0 |a Filosofía de la educación   |9 258384 
651 0 |a América Latina   |9 255027 
583 |a last modification  |c 19960311 00:00:00  |k Rodrigo Vera 
999 |c 244842  |d 244840 
952 |0 0  |1 0  |4 0  |6 378_112000000000000_IIE_1973  |7 0  |8 P  |9 259090  |a BIBEDU  |b BIBEDU  |c BIBEDU_PB  |d 2019-11-19  |i 1629557  |o 378.112 IIE 1973  |p 1629557  |r 2019-11-19  |w 2019-11-19  |y BK  |k EDU